| 000 | 02799nam a22003855a 4500 | ||
|---|---|---|---|
| 005 | 20070206103259.0 | ||
| 008 | 060616s2007 nyu 000 0 eng | ||
| 010 | _aB-335436-447 | ||
| 020 | _a9780671879457 | ||
| 020 |
_a0671879456 _c130.00 |
||
| 035 | _aB-335436-447 | ||
| 037 | _bBlueberry Books | ||
| 040 |
_adpl _bEnglish |
||
| 082 | _aS | ||
| 100 | _aKeene, Carolyn. | ||
| 245 |
_aThe slumber party secret / _cby Carolyn Keene; illustrated by Anthony Accardo |
||
| 260 |
_aNew York _bAladdin Paperbacks, _c2001 |
||
| 300 |
_a76p.: _bill. _c20cm (pbk) |
||
| 490 |
_aThe Nancy drew notebooks _v#1 |
||
| 700 | _aAccardo, Anthony | ||
| 942 |
_2ddc _cCH _hS _mKEE |
||
| 999 |
_c21530 _d21530 |
||